Normal view
MARC view
Entry Nombre personal
001 - NÚMERO DE CONTROL
- campo de control: 27895
003 - IDENTIFICADOR DEL NÚMERO DE CONTROL
- campo de control: OSt
005 - FECHA Y HORA DE LA ÚLTIMA TRANSACCIÓN
- campo de control: 20200615033121.0
008 - DATOS DE LONGITUD FIJA
- campo de control de longitud fija: 200615|| aca||aabn | a|a d
040 ## - FUENTE DE LA CATALOGACIÓN
- Centro catalogador/agencia de origen: OSt
- Centro/agencia transcriptor: OSt
100 ## - ENCABEZAMIENTO-NOMBRE DE PERSONA
- Nombre de persona: Coseriu, Eugenio.
- Forma completa/desarrollada del nombre: Eugen Coşeriu o Eugeniu Coşeriu,
- Fechas asociadas al nombre: 1921-2002
670 ## - FUENTE DE DATOS ENCONTRADOS
- Cita de la fuente: Work cat.: (OSt)11463: Coseriu, Eugenio. Eugen Coşeriu o Eugeniu Coşeriu, 1921-2002., Teoría del lenguaje y lingüística general :, [1969].
